| 000 | 00565nam a2200181 a 4500 | ||
|---|---|---|---|
| 005 | 20140310183244.0 | ||
| 008 | 040823s19uu xx 00 eng d | ||
| 020 | _a0415314887 | ||
| 050 |
_aLC 4704.5 _b.Ed34 2004 |
||
| 245 |
_aEducating children with fragile x syndrome: _ba multi-professional view / _cedited by Denise Dew-Hughes. |
||
| 260 |
_aLondon : _bRoutledgeFalmer, _c2004. |
||
| 300 |
_a196 p. : _c25 cm. |
||
| 500 | _aIncludes index. | ||
| 521 | _aEDU | ||
| 650 |
_aFragile x syndrome _xPatients _xEducation. |
||
| 942 |
_cBK _2lcc _kFOR |
||
| 999 |
_c20663 _d20663 |
||